Estudi dels serveis municipals d'educació a la província de Barcelona / Jaume Busquets i Fàbregas, Laura Méndez i Paredes, Camil Pujol i Coronel
ISBN:
84-7794-103-3
Descripción Física:
127 p. ; 30 cm
MARC
| LEADER | 00000nam a2200000Ia 4500 | ||
|---|---|---|---|
| 001 | 9091 | ||
| 008 | 160829s1990 xx 000 0 cat d | ||
| 020 | |a 84-7794-103-3 | ||
| 080 | |a E-1-2 | ||
| 100 | |a Busquets i Fàbregas, Jaume |9 34995 | ||
| 245 | |a Estudi dels serveis municipals d'educació a la província de Barcelona / Jaume Busquets i Fàbregas, Laura Méndez i Paredes, Camil Pujol i Coronel | ||
| 260 | |a [Barcelona] : |b Diputació de Barcelona, |c 1990 | ||
| 300 | |a 127 p. ; |c 30 cm | ||
| 650 | |a Escoles públiques |x Barcelona (Província) |9 34996 | ||
| 650 | |a Escoles públiques |x Aspectes econòmics |x Barcelona (Província) |9 34997 | ||
| 700 | |a Méndez i Paredes, Laura |9 34998 | ||
| 700 | |a Pujol i Coronel, Camil |9 34999 | ||
| 710 | 1 | |a Barcelona (Catalunya : Província). |b Diputació |9 52408 | |
| 901 | |a Arxiu | ||
| 942 | |n 1 | ||
| 952 | |0 0 |1 0 |4 0 |6 E12 |7 1 |9 46725 |a Arxiu |b Arxiu |d 2016-12-01 |l 0 |o E-1-2 |p 9091 |r 2016-12-01 00:00:00 |w 2016-12-01 |y ARXIU | ||
| 999 | |c 50518 |d 50518 | ||